| 000 | 01051nam a22001937a 4500 | ||
|---|---|---|---|
| 999 |
_c62995 _d62995 |
||
| 003 | Ge_BSU | ||
| 005 | 20250424154547.0 | ||
| 008 | 250424s1978 ge ||||| |||| 00| 0 geo d | ||
| 041 | _ageo | ||
| 080 | _a911.3:33(075.8) ს-30 | ||
| 100 |
_aსაუშკინი, ი. _924942 |
||
| 245 |
_aეკონომიკური გეოგრაფიის შესავალი : _b[დამხმ. სახელმძღვ. სახელმწ. უნ-ტებისათვის] / _cი. საუშკინი. ე.დ. პროზოროვის რედაქციით. |
||
| 264 |
_aთბ. : _bგანათლება, _c1978. |
||
| 300 |
_a413 გვ. : _bრუკ. ; _c22 სმ. |
||
| 653 | _aეკონომიკური გეოგრაფია | ||
| 700 |
_aპროზოროვი, ე.დ. _eრედაქტორი _924943 |
||
| 856 |
_uhttps://dspace.nplg.gov.ge/bitstream/1234/454122/1/Ekonomikuri_Geografiis_Shesavali.pdf _yელ. ვერსია |
||
| 942 |
_2udc _cᲬᲘᲒᲜᲘ |
||